Grandes places d'Europe - Statistiques

Statistiques générales
  • Ce quiz a été pris 30 fois
  • Le résultat moyen est 6 sur 30
Statistiques - réponses
Place Pays Superficie (en m²) % Correct
Place Rouge (Moscou) Russie 73 000
55%
Place de la Concorde (Paris) France 86 400
52%
Place Bellecour (Lyon) France 62 400
38%
Place de l'Université(Moscou) Russie 130 000
38%
Place des défilés(Varsovie) Pologne 240 000
34%
Parc Saint-Étienne (Dublin) Irlande 89 000
24%
Place Charles (Prague) République tchèque 80 550
24%
Place de la Liberté (Bakou) Azerbaïdjan 62 700
24%
Place des Contrats (Kiev) Ukraine 65 000
24%
Place de la Liberté(Kharkhiv) Ukraine 119 000
21%
Place de l'Empire (Lisbonne) Portugal 78 400
21%
Place de l'Indépendance (Minsk) Biélorussie 70 000
21%
Place des Quinconces(Bordeaux) France 126 000
21%
Place Garibaldi (Naples) Italie 60 000
21%
Place Jean-Paul II (Budapest) Hongrie 57 600
21%
Plaine de Plainpalais (Genève) Suisse 78 135
21%
Place de l'Unité (Bucarest) Roumanie 97 000
17%
Place du Millénaire (Kazan) Russie 90 000
17%
Place de la Liberté (Olecko) Pologne 64 500
14%
Place du drapeau national (Bakou) Azerbaïdjan 78 300
14%
Place du Musée (Amsterdam) Pays-Bas 79 000
14%
Cours Léopold / Place Carnot(Nancy) France 76 400
10%
Place de la Victoire (Vitebsk) Biélorussie 72 200
10%
Esplanade (Perm) Russie 152 000
7%
Place de Moscou(Saint-Petersbourg) Russie 130 000
7%
Place Kouïbychev(Samara) Russie 174 000
7%
Esplanade (Corfou) Grèce 84 000
3%
Parker's Piece (Cambridge) Royaume-Uni 100 000
3%
Pré de la Vallée (Padoue) Italie 90 000
3%
Place ronde (Poltava) Ukraine 93 500
0%
Aucun quiz correspondant
Distribution des résultats
% des personnes avec chaque résultat
Percentile par nombre de réponses
Votre historique - résultats
Vous n’avez pas pris ce quiz